000 00405nam a2200169Ia 4500
003 GCL
008 140319s9999 xx 000 0 eng d
040 _aGCL /
_cGCL
082 0 4 _a843
_bL A
100 1 _aLABRO, PHILIPPE
245 1 0 _aQUINZE ANS /
_cLABRO, PHILIPPE
260 _a[S.N] :
_bFOLIO ،
_c1995
300 _a318 P
650 0 4 _aLITERATURE
650 0 4 _aFRENCH LITERATURE
942 _2ddc
_cBK
999 _c22554
_d22554